<?xml version='1.0' encoding='UTF-8'?>
  <record xmlns="http://www.loc.gov/MARC21/slim">
    <leader>00000ckm a2200000 i 4500</leader>
    <controlfield tag="001">on1052464151</controlfield>
    <controlfield tag="003">OCoLC</controlfield>
    <controlfield tag="005">20240127100239.6</controlfield>
    <controlfield tag="007">kj bo </controlfield>
    <controlfield tag="008">180913m17281760ne nnn            kndut d</controlfield>
    <datafield tag="040" ind1=" " ind2=" ">
      <subfield code="a">QGJ</subfield>
      <subfield code="b">eng</subfield>
      <subfield code="e">rda</subfield>
      <subfield code="c">QGJ</subfield>
      <subfield code="d">OCLCF</subfield>
      <subfield code="d">QGJ</subfield>
      <subfield code="d">OCLCQ</subfield>
      <subfield code="d">QGJ</subfield>
      <subfield code="d">OCLCO</subfield>
      <subfield code="d">OCLCL</subfield>
    </datafield>
    <datafield tag="035" ind1=" " ind2=" ">
      <subfield code="a">(OCoLC)1052464151</subfield>
    </datafield>
    <datafield tag="245" ind1="0" ind2="4">
      <subfield code="a">Een Hollands oorlog schip na de manier der Engelse gebout voerende 44 stukken kanon /</subfield>
      <subfield code="c">H.V. Oord accurate delineavit ; A.V.D. Laan fecit.</subfield>
    </datafield>
    <datafield tag="246" ind1="3" ind2=" ">
      <subfield code="a">Hollands oorlogschip na de manier der Engelse gebout</subfield>
    </datafield>
    <datafield tag="246" ind1="3" ind2=" ">
      <subfield code="a">Een achttiende-eeuws Hollands oorlogsschip van 44 stukken</subfield>
    </datafield>
    <datafield tag="264" ind1=" " ind2="1">
      <subfield code="a">Tot Amsterdam :</subfield>
      <subfield code="b">By Petrus Schenk, voor aan in de Warmoes Straat in Vissersch Athlas,</subfield>
      <subfield code="c">[between 1728-1760?]</subfield>
    </datafield>
    <datafield tag="300" ind1=" " ind2=" ">
      <subfield code="a">1 copper engraving ;</subfield>
      <subfield code="c">53 x 94 cm, on sheet 63 x 99 cm</subfield>
    </datafield>
    <datafield tag="336" ind1=" " ind2=" ">
      <subfield code="a">still image</subfield>
      <subfield code="b">sti</subfield>
      <subfield code="2">rdacontent</subfield>
    </datafield>
    <datafield tag="337" ind1=" " ind2=" ">
      <subfield code="a">unmediated</subfield>
      <subfield code="b">n</subfield>
      <subfield code="2">rdamedia</subfield>
    </datafield>
    <datafield tag="338" ind1=" " ind2=" ">
      <subfield code="a">unspecified</subfield>
      <subfield code="b">zu</subfield>
      <subfield code="2">rdacarrier</subfield>
    </datafield>
    <datafield tag="500" ind1=" " ind2=" ">
      <subfield code="a">Engraving of a Dutch warship after an English design.</subfield>
    </datafield>
    <datafield tag="500" ind1=" " ind2=" ">
      <subfield code="a">With index of equipment.</subfield>
    </datafield>
    <datafield tag="650" ind1=" " ind2="0">
      <subfield code="a">Warships in art.</subfield>
    </datafield>
    <datafield tag="650" ind1=" " ind2="7">
      <subfield code="a">Warships in art</subfield>
      <subfield code="2">fast</subfield>
    </datafield>
    <datafield tag="700" ind1="1" ind2=" ">
      <subfield code="a">Oord, Hendrik van,</subfield>
      <subfield code="d">active 1728.</subfield>
    </datafield>
    <datafield tag="700" ind1="1" ind2=" ">
      <subfield code="a">Laan, Adolf van der,</subfield>
      <subfield code="d">active 1717-1740,</subfield>
      <subfield code="e">metal-engraver.</subfield>
      <subfield code="4">mte</subfield>
    </datafield>
    <datafield tag="700" ind1="1" ind2=" ">
      <subfield code="a">Schenk, Petrus,</subfield>
      <subfield code="d">1693-1775,</subfield>
      <subfield code="e">printer of plates.</subfield>
      <subfield code="4">pop</subfield>
      <subfield code="1">https://id.oclc.org/worldcat/entity/E39PBJkmYJ4Xx34XGC3W6kXPQq</subfield>
    </datafield>
    <datafield tag="758" ind1=" " ind2=" ">
      <subfield code="i">has work:</subfield>
      <subfield code="a">Een Hollands oorlog schip na de manier der Engelse gebout voerende 44 stukken kanon (StillImage)</subfield>
      <subfield code="1">https://id.oclc.org/worldcat/entity/E39PCGjK9mFRQHjdrCxHggCPHy</subfield>
      <subfield code="4">https://id.oclc.org/worldcat/ontology/hasWork</subfield>
    </datafield>
  </record>